000 00570cam a22001934a 4500
005 20250605163945.0
008 250528s ||||||||||||||||||||||||d
035 _a15184
020 _a748720847
040 _aGR-AtMCL
_bgre
_dGR-AtMCL
_eAACR2
245 1 _aOperations Management in Business
260 _bStanley Thornes,
_c1999
300 _a336
520 _aPreface, Concepts and Design, Management, Improvement, Appendix: Area Under the Standardised Normal Curve, Index.
700 1 _aGreasley Andrew
_91009
942 _cBK
999 _c778
_d778